Annual report, 2011-12 (Record no. 507366)
[ view plain ]
| 000 -LEADER | |
|---|---|
| fixed length control field | 00274nam a2200109 4500 |
| 082 ## - DEWEY DECIMAL CLASSIFICATION NUMBER | |
| Classification number | A45:T42/2011-12 |
| 100 ## - MAIN ENTRY--PERSONAL NAME | |
| Personal name | Bombay. Reserve Bank of India |
| 9 (RLIN) | 1493 |
| 245 ## - TITLE STATEMENT | |
| Title | Annual report, 2011-12 |
| 260 ## - PUBLICATION, DISTRIBUTION, ETC. (IMPRINT) | |
| Place of publication, distribution, etc | Mumbai |
| Name of publisher, distributor, etc | Reserve Bank of India |
| Date of publication, distribution, etc | 2012 |
| 300 ## - PHYSICAL DESCRIPTION | |
| Extent | 195p. |
| 942 ## - ADDED ENTRY ELEMENTS (KOHA) | |
| Source of classification or shelving scheme | |
No items available.
